[Event "Skien-ch U20"]
[Site "Skien"]
[Date "2019.11.08"]
[Round "1"]
[White "Morad, Haider M"]
[Black "Melaa, Sondre Lillestol"]
[Result "0-1"]
[WhiteElo "1584"]
[BlackElo "2234"]
[PlyCount "66"]
[EventDate "2019.11.08"]
[EventType "swiss"]
[EventRounds "7"]
[EventCountry "NOR"]
[SourceTitle "CBM 193 Extra"]
[Source "ChessBase"]
[SourceDate "2020.01.31"]
[SourceVersion "1"]
[SourceVersionDate "2020.01.31"]
[SourceQuality "1"]

1. e4 e5 2. Nf3 Nc6 3. d4 exd4 4. Nxd4 Nf6 5. Nc3 Bb4 6. Nxc6 bxc6 7. Bd3 d5 8. exd5 cxd5 9. 0-0 0-0 10. Bg5 c6 11. Qf3 h6 12. Bxf6 Qxf6 13. Qxf6 gxf6 14. a3 Bd6 15. Rfe1 Rb8 16. b4 Be5 17. Rxe5 fxe5 18. Na4 Ra8 19. f3 a5 20. Nb6 Ra7 21. bxa5 Rxa5 22. a4 Be6 23. c4 Rb8 24. c5 Rxc5 25. a5 Rxa5 26. Rxa5 Rxb6 27. Kf2 Kf8 28. g4 Ke7 29. h4 Kd6 30. g5 hxg5 31. h5 Rb2+ 32. Kg3 f5 33. f4 exf4+ 0-1